Harry Potter : and the order of the phoenix (Record no. 9163)
[ view plain ]
| 000 -LEADER | |
|---|---|
| fixed length control field | 00813nam a22002177a 4500 |
| 003 - CONTROL NUMBER IDENTIFIER | |
| control field | OSt |
| 005 - DATE AND TIME OF LATEST TRANSACTION | |
| control field | 20260316081858.0 |
| 008 - FIXED-LENGTH DATA ELEMENTS--GENERAL INFORMATION | |
| fixed length control field | 260316b |||||||| |||| 00| 0 eng d |
| 020 ## - INTERNATIONAL STANDARD BOOK NUMBER | |
| International Standard Book Number | 2003102525 |
| 040 ## - CATALOGING SOURCE | |
| Original cataloging agency | DWCL GS lib |
| Transcribing agency | OC |
| 082 ## - DEWEY DECIMAL CLASSIFICATION NUMBER | |
| Classification number | R797h 2003 |
| 100 ## - MAIN ENTRY--PERSONAL NAME | |
| Personal name | J.K. ROWLING |
| 245 ## - TITLE STATEMENT | |
| Title | Harry Potter : and the order of the phoenix |
| Statement of responsibility, etc. | ROWLING J.K. |
| 260 ## - PUBLICATION, DISTRIBUTION, ETC. | |
| Place of publication, distribution, etc. | [S.I.] |
| Name of publisher, distributor, etc. | Scholastic Press |
| Date of publication, distribution, etc. | 2003 |
| 300 ## - PHYSICAL DESCRIPTION | |
| Extent | 870 p |
| Dimensions | 23 cm |
| 520 ## - SUMMARY, ETC. | |
| Summary, etc. | follows Harry’s fifth year at Hogwarts, marked by the Ministry of Magic's denial of Voldemort's return and the tyrannical, anti-Harry rule of Professor Dolores Umbridge. |
| 650 ## - SUBJECT ADDED ENTRY--TOPICAL TERM | |
| Topical term or geographic name entry element | Harry is forced to grow up quickly and take on the role of a leader. |
| 650 ## - SUBJECT ADDED ENTRY--TOPICAL TERM | |
| Topical term or geographic name entry element | truth persists despite suppression, friendship |
| 700 ## - ADDED ENTRY--PERSONAL NAME | |
| Personal name | ROWLING J.K. |
| 942 ## - ADDED ENTRY ELEMENTS (KOHA) | |
| Source of classification or shelving scheme | Dewey Decimal Classification |
| Koha item type | Fiction |
| Suppress in OPAC | No |
No items available.